| 000 | 00393nam a2200145Ia 4500 | ||
|---|---|---|---|
| 008 | 230312s9999||||xx |||||||||||||| ||und|| | ||
| 020 | _a9780538742153 | ||
| 082 |
_a004 _bPAR-P |
||
| 100 | _aMehaffie,Andrea | ||
| 245 | 0 | _aLearning Microsoft Office 2013 Learning Microsoft Office 2013 | |
| 260 |
_bCengage _aUSA _c2011 |
||
| 300 | _a479 | ||
| 650 |
_aComputer _vComputer literacy |
||
| 942 | _cBK | ||
| 999 |
_c18248 _d18248 |
||